|
|
|
|
| LEADER |
01393nam a2200361 a 4500 |
| 001 |
000718504 |
| 003 |
CZ BrMZK |
| 005 |
20040714100342.0 |
| 007 |
ta |
| 008 |
040528s2003 xr a e 000 0 cze |
| 015 |
|
|
|a cnb001317281
|
| 020 |
|
|
|a 80-7220-164-6
|q (brož.)
|
| 035 |
|
|
|a (OCoLC)85109198
|
| 040 |
|
|
|a BOA001
|b cze
|
| 072 |
|
7 |
|a 37
|x Výchova a vzdělávání
|2 Konspekt
|9 22
|
| 080 |
|
|
|a 37.011/.012
|2 MRF
|
| 080 |
|
|
|a 37.012
|2 MRF
|
| 080 |
|
|
|a (048.8)
|2 MRF
|
| 100 |
1 |
|
|a Chráska, Miroslav,
|d 1942-
|7 kup19940000015358
|4 aut
|
| 245 |
1 |
0 |
|a Metody sběru a statistického vyhodnocování dat v evaluačních pedagogických výzkumech /
|c Miroslav Chráska
|
| 250 |
|
|
|a Vyd. 1.
|
| 260 |
|
|
|a Praha :
|b Votobia,
|c 2003
|
| 300 |
|
|
|a 155 s. :
|b il. ;
|c 20 cm
|
| 500 |
|
|
|a Nad názvem: Pedagogická fakulta Univerzity Palackého v Olomouci
|
| 504 |
|
|
|a Obsahuje bibliografii
|
| 650 |
0 |
7 |
|a pedagogická evaluace
|7 ph115701
|2 czenas
|
| 650 |
0 |
7 |
|a pedagogický výzkum
|7 ph124017
|2 czenas
|
| 655 |
|
7 |
|a studie
|7 fd133597
|2 czenas
|
| 710 |
2 |
|
|a Univerzita Palackého.
|b Pedagogická fakulta
|7 kn20010709375
|
| 856 |
4 |
1 |
|u http://www.digitalniknihovna.cz/mzk/uuid/uuid:109d4120-e2a5-11e4-a475-005056827e51
|y Digitalizovaný dokument
|x NDK
|
| 910 |
|
|
|a BOA001
|b 2-1135.808
|
| 990 |
|
|
|a BK
|
| 996 |
6 |
|
|b 2610221404
|c 2-1135.808
|l MZK
|r Sklad / do 1 hodiny
|n 68
|p p.v.
|w 000718504
|u 000010
|a 1
|e BOA001
|j MZK50
|s P
|